| 000 | 01037cam a2200277 i 4500 | ||
|---|---|---|---|
| 999 |
_c16454 _d16454 |
||
| 001 | 4138970 | ||
| 005 | 20161110123221.0 | ||
| 008 | 770824s1978 nju b 000 0 eng | ||
| 010 | _a 77014483 | ||
| 020 |
_a0135161959 : _c$7.95. _a0135161878 _c$2.95 |
||
| 040 |
_aDLC _cDLC _dDLC |
||
| 050 | 0 | 0 |
_aPR2819 _b.T9 1978 |
| 245 | 0 | 0 |
_aTwentieth century interpretations of King Lear : _ba collection of critical essays / _cedited by Janet Adelman. |
| 260 |
_aEnglewood Cliffs, N.J. : _bPrentice-Hall, _cc1978. |
||
| 300 |
_aviii, 134 p. ; _c20 cm. |
||
| 490 | 0 | _aTwentieth century interpretations | |
| 490 | 0 | _aA Spectrum book | |
| 504 | _aBibliography: p. 132-134. | ||
| 600 | 1 | 0 |
_aShakespeare, William, _d1564-1616. _tKing Lear. |
| 600 | 0 | 0 |
_aLear, _cKing of England (Legendary character) _xIn literature. |
| 700 | 1 | _aAdelman, Janet. | |
| 942 |
_2lcc _cBOOKS _hPR2819 .T9 1978 |
||